000
00310nam a22001217a 4500
040
_c
sy
082
_a
339
100
_a
ហេង ចំរើន
245
_a
មីក្រូសេដ្ឋកិច្ចវិទ្យា
260
_a
RUA
_b
ហេង ចំរើន
_c
2003
300
_a
96p;
942
_c
KB
999
_c
8499
_d
8499